Missing Word: It's Magic! Quiz Stats

 Plays Quiz Updated Dec 17, 2014

Challenge
Share
Tweet
Embed
Score 0/14 Timer 03:00
1 Play Today
Hint Answer % Correct
Wizard of _____Oz
97.7%
Do You _____ in Magic?Believe
94.7%
Magic 8-_____Ball
89.1%
Orlando _____Magic
87.9%
The Magic _____ BusSchool
86.1%
The Wizards of _____ PlaceWaverly
77.8%
_____ Magic WomanBlack
74.9%
Hint Answer % Correct
Magic _____Mike
71.1%
The _____ ApprenticeSorcerer's
67.1%
Hogwarts School of _____ and WizardryWitchcraft
56.4%
_____ WizardsWashington
56.1%
Magic _____Man
41.4%
_____ of the CoastWizards
37.4%
The Magician's _____Nephew
30.8%

Today's Daily Dose

You're not logged in!

Compare scores with friends on all Sporcle quizzes.
Join for Free
OR
Log In

You Might Also Like...

Show Comments

Extras

Top Quizzes Today


Score Distribution

Your Account Isn't Verified!

In order to create a playlist on Sporcle, you need to verify the email address you used during registration. Go to your Sporcle Settings to finish the process.

Report this User

Report this user for behavior that violates our Community Guidelines.

Details: